Normal view
MARC view
Entry Personal Name
001 - CONTROL NUMBER
- control field: 4987
003 - CONTROL NUMBER IDENTIFIER
- control field: OSt
005 - DATE AND TIME OF LATEST TRANSACTION
- control field: 20260407113108.0
008 - FIXED-LENGTH DATA ELEMENTS
- fixed length control field: 260407|| aca||aabn | a|a d
040 ## - CATALOGING SOURCE
- Original cataloging agency: OSt
- Transcribing agency: OSt
100 ## - HEADING--PERSONAL NAME
- Personal name: Ken,Blanchard Hybels,Bill Hodges,Phil
670 ## - SOURCE DATA FOUND
- Source citation: Work cat.: (OSt)203470: Ken,Blanchard Hybels,Bill Hodges,Phil, Leadership by the Book , 2001